000 00698nac a22001811u 4500
020 _a8120324536
082 _a025.04
_bK872
090 _c761
_d761
100 _aKothari, D.P.
245 _aHypermedia :
_bFrom Multimedia to Virtual Reality-a Managerial Perspective /
_cD. P. Kothari, Anshu Saxena.
260 _aNew Delhi :
_bPrentice-Hall of India,
_c2004.
300 _a241 p.
_bill. ;
_c24 cm.
500 _aIncludes index.
650 _aInteractive multimedia
700 _aSaxena, Anshu.
942 _cBB
_k025.04K872
999 _c761
_d761